| 000 | 01680cad a22002415a 4500 | ||
|---|---|---|---|
| 001 | L156408 | ||
| 008 | 120518e20120517xxkd f s f000 0 eng d | ||
| 035 | _a(Sirsi) u156408 | ||
| 041 | 0 | _aeng | |
| 110 | 1 |
_aUnited Kingdom _bDepartment for Communities and Local Government _94939 |
|
| 245 | 0 | 0 |
_aHouse building _bMarch 2012, England _h[electronic resource] |
| 260 |
_aLondon _bDCLG _c2012 |
||
| 490 | 0 |
_aDCLG Housing Statistical Release _vMarch quarter 2012, 17 May 2012 |
|
| 505 | 2 | _aSeasonally adjusted results -- non-seasonally adjusted results -- sub-national trends -- other improved inspectors | |
| 520 | _aPresents figures on new build housing starts and completions in England; figures for the UK and constituent countries are also available in the accompanying tables; the latest statistics report. The figures in this release have been revised back to the June quarter 2007 to include extra data from independent approved inspectors. All data in this release and related tables now includes data from independent approved inspectors. This represents a substantial improvement to the coverage of these statistics. Because the data have been revised back to 2007 all quarterly and annual comparisons in this release are on a consistent basis. However, data from this release cannot be compared with data in previous releases | ||
| 590 | _aKA | ||
| 650 | 2 | 4 | _aDCLG QUARTERLY HOUSE BUILDING STATISTICS |
| 651 | 4 |
_aEngland _y886- |
|
| 690 |
_aConstruction management _96230 |
||
| 690 |
_aResidential property _96266 |
||
| 856 | 4 | 0 |
_uhttps://www.communities.gov.uk/documents/statistics/pdf/2145660.pdf _zView the item free of charge at www.communities.gov.uk |
| 942 | _n0 | ||
| 999 |
_c114244 _d114244 |
||